| 000 | 01464cam a2200241 4500 | ||
|---|---|---|---|
| 001 | L136738 | ||
| 008 | 070220n2007 000 0 eng u | ||
| 035 | _a(Sirsi) u136738 | ||
| 041 | 0 | _aeng | |
| 050 | _a332.6324 $2 18 | ||
| 110 | 2 |
_aGVA Grimley _93646 |
|
| 245 | 0 | 0 |
_aCBI/GVA Grimley survey of property trends _bwinter 2006/07 _h[electronic resource] |
| 260 |
_aLondon _bGVA Grimley _c2007 |
||
| 490 | 0 | _aCBI/GVA Grimley Survey of Property Trends | |
| 505 | _aChange in property occupied -- Change in property demand by sector -- Capital expenditure on property -- Business optimism -- Business output -- Employment change. | ||
| 520 | _aSix-monthly survey of private companies in all sectors of the economy. Shows healthy output growth, employment growth and business optimism, together with a high degree of certainty about demand. Against this background, the commercial property occupier market has been relatively strong, with robust demand for retail property and rising demand in the office sector. Overall, the survey suggests a pick-up in property demand, over the last six months, with further strengthening over the next six months. | ||
| 590 | _aKA NTK | ||
| 650 | 2 | 4 | _aCBI/GVA GRIMLEY SURVEY OF PROPERTY TRENDS |
| 651 | 4 |
_aUnited Kingdom _y |
|
| 690 | _aPROPERTY-COMMERCIAL PROPERTY-COMMERCIAL PROPERTY MARKET | ||
| 856 | 4 | 0 |
_uhttps://www.gvagrimley.co.uk/x3593.xml _zView the report free of charge at www.gvagrimley.co.uk... |
| 942 | _n0 | ||
| 999 |
_c106493 _d106493 |
||